La fabricacin̤ del papel
A partir de la pasta de fibras vegetales se elabora, despuš de procedimientos especiales, un material blanco en forma de hojas delgadas, el papel, que se emplea para diversos fines (escritura, impresin̤, embalaje, empaquetado, filtracin̤ de precipitados en disoluciones, fabricacin̤ de materiales de...
Saved in:
| Andre forfattere: | , , |
|---|---|
| Format: | Bog |
| Sprog: | spansk |
| Fag: | |
| Online adgang: | La fabricacin̤ del papel |
| Tags: |
Tilføj Tag
Ingen Tags, Vær først til at tagge denne postø!
|
MARC
| LEADER | 00000nam a22000004a 4500 | ||
|---|---|---|---|
| 001 | vpro1371 | ||
| 005 | 20201223000000.0 | ||
| 008 | 120810s2006 ck # g## #001 0#spa#d | ||
| 020 | |||
| 022 | |||
| 040 | |a CO-BoINGC | ||
| 041 | 0 | |a spa | |
| 245 | 1 | 0 | |a La fabricacin̤ del papel |
| 246 | |a Papermaking | ||
| 264 | |a Bogot ̀(Colombia) : |b Revista VirtualPRO, |c 2006 | ||
| 520 | 3 | |a A partir de la pasta de fibras vegetales se elabora, despuš de procedimientos especiales, un material blanco en forma de hojas delgadas, el papel, que se emplea para diversos fines (escritura, impresin̤, embalaje, empaquetado, filtracin̤ de precipitados en disoluciones, fabricacin̤ de materiales de disolucin̤...). Al ser un elemento bs̀ico de la comunicacin̤ y la informacin̤, ha repercutido de forma importante en la alfabetizacin̤ y en la educacin̤ en todo el mundo. | |
| 650 | \ | \ | |a Procesos industriales |
| 650 | \ | \ | |a Industria del papel |
| 650 | \ | \ | |a Industria de los productos en papel |
| 650 | \ | \ | |a Industria de la pulpa de madera |
| 650 | \ | \ | |a Industrial processes |
| 650 | \ | \ | |a Paper industry |
| 650 | \ | \ | |a Paper productos industry |
| 650 | \ | \ | |a Wood pulp industry |
| 650 | \ | \ | |a Comercio del papel |
| 650 | \ | \ | |a Industria papelera |
| 650 | \ | \ | |a Papelera̕s |
| 650 | \ | \ | |a Paper trade |
| 650 | \ | \ | |a Paper industry |
| 650 | \ | \ | |a Stationery |
| 700 | \ | \ | |a Arcos Carolina de los |
| 700 | \ | \ | |a Irusta Manuel |
| 700 | \ | \ | |a Diario El Mundo |
| 856 | |z La fabricacin̤ del papel |u https://virtualpro.unach.elogim.com/biblioteca/la-fabricacion-del-papel- | ||